L'Ordenació urbanística : conceptes, eines i pràctiques / Juli Esteban i Noguera conceptes, eines i pràctiques / Juli Esteban i Noguera
ISBN:
978-84-9803-257-4
Publicado:
Barcelona :
Diputació de Barcelona. Àrea d'Infraestructures, Urbanisme i Habitatge. Oficina Tècnica de Cooperació ,
2007
Descripción Física:
281 p. : il., plànols ; 24 cm
Colección:
Estudis. Territori ; 2
MARC
| LEADER | 00000nam a2200000Ia 4500 | ||
|---|---|---|---|
| 001 | 19812 | ||
| 008 | 160829s2007 xx 000 0 cat d | ||
| 020 | |a 978-84-9803-257-4 | ||
| 080 | |a M-5-480 | ||
| 100 | |a Esteban i Noguera, Juli |9 1051 | ||
| 245 | |a L'Ordenació urbanística : |b conceptes, eines i pràctiques / Juli Esteban i Noguera | ||
| 250 | |a 2a ed. | ||
| 260 | |a Barcelona : |b Diputació de Barcelona. Àrea d'Infraestructures, Urbanisme i Habitatge. Oficina Tècnica de Cooperació, |c 2007 | ||
| 300 | |a 281 p. : |b il., plànols ; |c 24 cm | ||
| 490 | |a Estudis. Territori ; 2 | ||
| 590 | |a Bibliografia | ||
| 650 | |a Urbanisme |x Planificació |x Espanya |9 37760 | ||
| 650 | |a Sòl, Ús del |x Política governamental |x Espanya |9 37761 | ||
| 651 | 0 | |a Espanya |x Política urbana |9 55187 | |
| 710 | |a Barcelona (Catalunya : Província). |b Oficina Tècnica de Cooperació |9 53580 | ||
| 901 | |a Arxiu | ||
| 942 | |n 1 | ||
| 952 | |0 0 |1 0 |4 0 |6 M5480 |7 1 |9 51619 |a Arxiu |b Arxiu |d 2016-12-01 |l 0 |o M-5-480 |p 19812 |r 2016-12-01 00:00:00 |w 2016-12-01 |y ARXIU | ||
| 999 | |c 55464 |d 55464 | ||